[Event "Let's Play Chess!"]
[Site "http://www.queenalice.com/game.php?id=1866009"]
[Date "2025.11.26"]
[Round "-"]
[White "Sph4444"]
[Black "Mlintz"]
[Result "0-1"]
[WhiteElo "1816"]
[BlackElo "1920"]

1. e4 e5 2. Nf3 Qe7 3. c3 g6 4. Bd3 Bg7 5. O-O Nf6 6. b4 c6 7. Qb3 d6 8. a4 Be6
9. c4 b5 10. axb5 cxb5 11. Na3 bxc4 12. Nxc4 O-O 13. Qa3 Nbd7 14. Ne3 d5 15.
exd5 Nxd5 16. Bb2 a5 17. bxa5 Qd8 18. Bc4 Nxe3 19. dxe3 Bxc4 20. Rfc1 Be6 21. a6
f6 22. Qd6 Bf7 23. Rc7 Nb8 24. Qxd8 Rxd8 25. a7 Nd7 26. Ba3 Nb6 27. Bc5 Nd5 28.
Rb7 f5 29. Rab1 Nc3 30. R1b4 Rd1+ 0-1